000 00549nam a2200205Ia 4500
003 OSt
005 20230607094004.0
008 210423s1989 xx 000 0 und d
040 _cAL
041 _aeng
082 _a307.14
_223
_b QUIT
100 _aQUIETI (Maria),Ed
_9121087
245 _aTraining for decentralised planning
260 _aRome
_bFood & Agricultural Organisation
_c1989
365 _cINR
650 _aCommunities
_9121088
650 _aSociology
_9121089
906 _adecentralised ; planning ; Training
942 _2ddc
_cBK
999 _c174953
_d174953